000 00904cam a2200205 4500
008 000000n2000 000 0 eng u
035 _a(Sirsi) u107629
100 _aAkenhead, R.
245 4 _aThe away game
260 _c2000
490 _aBuilding
_v265(8141) 16 June 2000, 67(1)
520 _aLooks at the problems of international construction contracts, and the new FIDIC suite of international forms. The main points being that extension of time can only be granted in exceptional circumstances, and that profit is irrecoverable after force majeure.
650 _aFORCE MAJEURE
650 _aEXTENSION OF TIME
650 _aBUILT ENVIRONMENT-BUILDING CONTRACT FORMS-STANDARD FORMS OF BUILDING CONTRACT-INTERNATIONAL FEDERATION OF CONSULTING ENGINEERS CONTRACTS
650 _aINTERNATIONAL FORMS
650 _aPROFIT
690 _aBUILT ENVIRONMENT-BUILDING CONTRACT FORMS
942 _n0
999 _c64308
_d64308